Human resources in public administration from Romania

Elmentve itt :
Bibliográfiai részletek
Szerzők: Gherman Remus
Brad loan
Dincu Ana Mariana
Testületi szerző: Wellmann International Scientific Conference (16.)
Dokumentumtípus: Könyv része
Megjelent: 2018
Sorozat:Wellmann International Scientific Conference
Kulcsszavak:Munkaerő-gazdálkodás - Románia - előadáskivonat, Közigazgatás - Románia - előadáskivonat
Tárgyszavak:
Online Access:http://acta.bibl.u-szeged.hu/72995
LEADER 00978naa a2200241 i 4500
001 acta72995
005 20230302153637.0
008 210714s2018 hu o 1|| eng d
020 |a 978-963-306-589-1 
040 |a SZTE Egyetemi Kiadványok Repozitórium  |b hun 
041 |a eng 
100 1 |a Gherman Remus 
245 1 0 |a Human resources in public administration from Romania  |h [elektronikus dokumentum] /  |c  Gherman Remus 
260 |c 2018 
300 |a 44 
490 0 |a Wellmann International Scientific Conference 
650 4 |a Társadalomtudományok 
650 4 |a Közgazdasági és gazdálkodástudományok 
695 |a Munkaerő-gazdálkodás - Románia - előadáskivonat, Közigazgatás - Románia - előadáskivonat 
700 0 1 |a Brad loan  |e aut 
700 0 1 |a Dincu Ana Mariana  |e aut 
711 |a Wellmann International Scientific Conference (16.)  |c Hódmezővásárhely  |d 2018 
856 4 0 |u http://acta.bibl.u-szeged.hu/72995/1/wellmann_abstracts_2018_044.pdf  |z Dokumentum-elérés